00322nam a2200109Ia 450000500170000000800410001710000270005824500640008526000350014930000110018465000170019520260328104321.0260328s9999||||xx |||||||||||||| ||und|| aBrades, Susan Ferleger 0aLe Corbusier Architect the Century /cSusan Ferleger Brades bArts Council of Great Britain  a368 p. aLe Corbusier